ბათუმის შოთა რუსთაველის სახელმწიფო უნივერსიტეტის ბიბლიოთეკა

საბავშვო ლექსები:ტ.III (ბიბ.ჩანაწერი № 50689)

000 -LEADER
fixed length control field 00732nam a2200229Ia 4500
001 - CONTROL NUMBER
control field 17640
003 - CONTROL NUMBER IDENTIFIER
control field GE_BSU
008 - FIXED-LENGTH DATA ELEMENTS--GENERAL INFORMATION
fixed length control field 181216s||||||||xx |||||||||||||| ||und||
040 ## - CATALOGING SOURCE
Transcribing agency GE_BSU
080 ## - UNIVERSAL DECIMAL CLASSIFICATION NUMBER
Universal Decimal Classification number 82-93:821.353.1-1
100 ## - MAIN ENTRY--PERSONAL NAME
Personal name მღვიმელი,შიო
245 ## - TITLE STATEMENT
Title საბავშვო ლექსები:ტ.III
245 ## - TITLE STATEMENT
Statement of responsibility, etc. რედ.:ე.ქარელიშვილი;მხატვ.:მ.დაუშვილი
260 ## - PUBLICATION, DISTRIBUTION, ETC.
Place of publication, distribution, etc. თბილისი
260 ## - PUBLICATION, DISTRIBUTION, ETC.
Name of publisher, distributor, etc. კომუნისტი
260 ## - PUBLICATION, DISTRIBUTION, ETC.
Date of publication, distribution, etc. 1953
300 ## - PHYSICAL DESCRIPTION
Extent 231გვ.;20სმ
300 ## - PHYSICAL DESCRIPTION
Accompanying material 1ფ.პორტრ.
653 ## - INDEX TERM--UNCONTROLLED
Uncontrolled term ლექსები
653 ## - INDEX TERM--UNCONTROLLED
Uncontrolled term საბავშვო ლექსები
942 ## - ADDED ENTRY ELEMENTS (KOHA)
Koha item type წიგნი
ეგზემპლარები
Withdrawn status Lost status Damaged status Not for loan Date acquired Barcode Date last seen Price effective from Koha item type
        2018-12-17 41462 2018-12-17 2018-12-17 წიგნი
        2018-12-17 41463 2018-12-17 2018-12-17 წიგნი
        2018-12-17 41464 2018-12-17 2018-12-17 წიგნი
        2018-12-17 41465 2018-12-17 2018-12-17 წიგნი
        2018-12-17 41466 2018-12-17 2018-12-17 წიგნი